000 00402nam a2200181Ia 4500
005 20250423095648.0
008 250422s9999 xx 000 0 und d
020 _a1-408-27908-8
050 _aHF 5549 .D47/
100 _aDessler, Gary
245 0 _aHuman resource management
250 _a12th ed.
260 _aEssex
260 _bPearson
260 _c2011
300 _a784 p
942 _cBK
999 _c30954
_d30954